| 000 | 01133cam a2200325 a 4500 | ||
|---|---|---|---|
| 001 | 4759867 | ||
| 003 | OSt | ||
| 005 | 20140310182110.0 | ||
| 008 | 850807s1974 caua 001 0 eng | ||
| 010 | _a 85189592 | ||
| 040 |
_aDLC _cDLC _dDLC |
||
| 043 | _an-us-ca | ||
| 050 | 0 | 0 |
_aF 869 _b.M537 1974 |
| 082 | 0 | 0 |
_aHS 917.94 _bM52 1974 |
| 100 | 1 |
_aMendel, Carol. _913349 |
|
| 245 | 1 | 0 |
_aSan Diego by bike & car / _cby Carol Mendel ; illustrated by Gaston Lokvig. |
| 260 |
_aSan Diego, Ca. : _bC. Mendel, _cc1974. |
||
| 300 |
_a95 p. : _bill. ; _c22 cm. |
||
| 500 | _aIncludes index. | ||
| 650 | 0 |
_aBicycle trails _zCalifornia _zSan Diego. _913350 |
|
| 650 | 0 |
_aBicycle trails _zCalifornia _zSan Diego County. _913351 |
|
| 650 | 0 |
_aAutomobile travel _zCalifornia _zSan Diego _xGuidebooks. _913352 |
|
| 650 | 0 |
_aAutomobile travel _zCalifornia _zSan Diego County _xGuidebooks. _913353 |
|
| 651 | 0 |
_aSan Diego (Calif.) _xGuidebooks. _913354 |
|
| 651 | 0 |
_aSan Diego County (Calif.) _xGuidebooks. _913355 |
|
| 740 | 0 | _aSan Diego by bike and car. | |
| 906 |
_a7 _bcbc _corignew _d3 _encip _f19 _gy-gencatlg |
||
| 942 |
_2lcc _cHS |
||
| 999 |
_c9363 _d9363 |
||